000
00308nam a2200121Ia 4500
008
241015s9999 xx 000 0 und d
041
_a
eng
082
_a
741.5 BLA
100
_a
Alexandra Blanchard
245
_a
Wonder Women
260
_b
C Hurst & Co Publishers Ltd
_a
London
_c
2022
300
_a
286;. P. 23 cm
999
_c
41661
_d
41661